| 000 | 01091nam a22002537a 4500 | ||
|---|---|---|---|
| 005 | 20100706142154.0 | ||
| 008 | 100706t xxu||||| |||| 00| 0 hin d | ||
| 010 | _aHIN-89617 | ||
| 020 |
_a9789350001783 _c200.00 |
||
| 035 | _aHN-61963 | ||
| 037 | _bDBAD / PUB | ||
| 040 |
_aDPL _bHN |
||
| 082 | _aक | ||
| 100 |
_aशकुन्तला ब्रजमोहन _921237 |
||
| 245 |
_aमेरा घर कहाँ है ? / _cशकुन्तला ब्रजमोहन |
||
| 246 |
_aMera Ghar Kahan Hai?/ _bby Shakuntla Brijmohan |
||
| 260 |
_aनई दिल्ली _bवाणी प्रकाशन _c2010 |
||
| 270 |
_a4697, 21-ए, दरियागंज _bनई दिल्ली _e110002 |
||
| 300 |
_a107पृ _c22सेमी (सजिल्द) |
||
| 650 |
_aलघु कथाएँ, हिन्दी _91169 |
||
| 650 |
_aShort Stories, Hindi _921238 |
||
| 942 |
_2ddc _cHN _mशकुन्त |
||
| 999 |
_c36819 _d36819 |
||